=LDR 00000nam 2200000 4500 =001 INLIS000000000028515 =005 20200317072633 =035 ##$$a 0010-061300000028515 =008 200317################g##########0#ind## =041 ##$$a Ind =082 ##$$a 297.64 =090 ##$$a 297.64 Alh m =100 ##$$a AlHakim, Ali Husain =245 1#$$a Membela perempuan : $b Menakar feminisme dengan nalar agama /$c Ali Husain Al-Hakim, et.al ; penerjemah, A. H. Jemala Gembala =260 ##$$a Jakarta :$b Al-Huda,$c 2005 =300 ##$$a viii, 310 hlm ; $c 23 x 17 cm. =650 #4$$a Kedudukan Wanita =850 ##$$a NBPNMAT =020 ##$$a 979-3515-44-9 =084 ##$$a 297.64 ALH m =250 ##$$a cet. 1 =500 ##$$a Bibliografi ; hlm. 299-310 =700 #$$a Jemala Gembala =990 ##$$a 30709682 =990 ##$$a 30709681 =990 ##$$a 30709680